000 00320nam a22001337a 4500
008 170714b xxu||||| |||| 00| 0 eng d
020 _a9780884892984
041 _aeng
080 _a17
100 _a23
101 _aFIL
245 _aTHE CATHOLIC CHURCH JOURNEY WISDSOM AND MISSION
_cKOCH.C
942 _2udc
_cBK
999 _c20721
_d20721